Normal view
MARC view
- Zhang, Xiaotian.
Entry Personal Name
001 - CONTROL NUMBER
- control field: 53907
003 - CONTROL NUMBER IDENTIFIER
- control field: OSt
005 - DATE AND TIME OF LATEST TRANSACTION
- control field: 20240301141501.0
008 - FIXED-LENGTH DATA ELEMENTS
- fixed length control field: 240301|| aca||aabn | a|a d
040 ## - CATALOGING SOURCE
- Original cataloging agency: OSt
- Transcribing agency: OSt
100 ## - HEADING--PERSONAL NAME
- Personal name: Zhang, Xiaotian.
- Relator term: author.
670 ## - SOURCE DATA FOUND
- Source citation: Work cat.: (OSt): Zhang, Xiaotian. author., Analysis of a series-parallel-connected type DC power flow controller in multiterminal grids /, June 2022.
